University Home | Library Home | Institutional Repository

Relac~oes de Mocambique setocontista. (Record no. 113751)

MARC details
000 -LEADER
fixed length control field 00745cam2a220020500 4500
001 - CONTROL NUMBER
control field tmp15747185
003 - CONTROL NUMBER IDENTIFIER
control field UPRA
005 - DATE AND TIME OF LATEST TRANSACTION
control field 20190820082844.0
008 - FIXED-LENGTH DATA ELEMENTS--GENERAL INFORMATION
fixed length control field 951018s1955 po por u
035 ## - SYSTEM CONTROL NUMBER
System control number (Sirsi) r92079
035 ## - SYSTEM CONTROL NUMBER
System control number (UPRA)tmp15747185
040 ## - CATALOGING SOURCE
Transcribing agency UPRA
100 1# - MAIN ENTRY--PERSONAL NAME
Personal name Andrade, Antonio Alberto Banha de.
Linkage A48939.1
245 10 - TITLE STATEMENT
Title Relac~oes de Mocambique setocontista.
260 ## - PUBLICATION, DISTRIBUTION, ETC.
Place of publication, distribution, etc. [Lisboa] :
Name of publisher, distributor, etc. Ag^encia Geral do Ultramar, Divis~ao de Publica~oes e Biblioteca,
Date of publication, distribution, etc. 1955.
500 ## - GENERAL NOTE
General note At head of title page: Republica Portuguesa. Ministerio do Ultramar.
651 #0 - SUBJECT ADDED ENTRY--GEOGRAPHIC NAME
Geographic name Mozambique -- Description and travel.
General subdivision Mozambique -- Description and travel.
Linkage S4212.1
949 ## - LOCAL PROCESSING INFORMATION (OCLC)
a DT454
w lcc
i -129506
m MAIN
t BOOK
l ON-SHELF

No items available.

© 2026 - The University of Zambia Library - Koha v25.11